Pokémon de base ayant au moins une statistique de base de 90 ou plus - Statistiques

Statistiques générales
  • Ce quiz a été pris 80 fois
  • Le résultat moyen est 46 sur 79
Statistiques - réponses
Statistique Valeur Pokémon % Correct
PV 135 Goinfrex
97%
Attaque Vitesse 110 105 Insécateur
94%
Attaque Spéciale Vitesse 105 90 Abra
89%
Défense 160 Onix
89%
Défense 100 Racaillou
89%
Défense 100 Racaillou d'Alola
89%
Attaque 125 Kranidos
86%
PV 100 Ptiravi
86%
Défense 118 Dinoclier
83%
Attaque Spéciale 100 Fantominus
80%
Attaque Vitesse 95 115 Farfuret
80%
Attaque Vitesse 95 115 Farfuret de Hisui
80%
Attaque 112 Arkéapti
77%
Vitesse 95 Taupiqueur
77%
PV 100 Insolourdo
77%
Vitesse 90 Taupiqueur d'Alola
77%
Vitesse 100 Voltorbe
77%
Vitesse 100 Voltorbe de Hisui
77%
Défense Attaque Spéciale 100 90 Amonita
71%
Défense 103 Carapagos
71%
Défense 95 Rhinocorne
71%
Défense 105 Scorplane
71%
Attaque Spéciale 90 Girafarig
69%
Défense 90 Kabuto
69%
Attaque Spéciale 95 Magnéti
69%
PV 90 Ramoloss
69%
PV 90 Ramoloss de Galar
69%
Défense Défense Spéciale 135 90 Tarinor
69%
Attaque Défense Attaque Spéciale 95 115 120 Duralugon
66%
Attaque 100 Kraknoix
66%
Défense Attaque Spéciale 115 100 Saquedeneu
66%
Attaque 95 Anorith
63%
Attaque 95 Cerfrousse
63%
Défense 100 Galekid
63%
Défense Spéciale 100 Tentacool
63%
Vitesse 95 Yanma
63%
Attaque Vitesse 92 98 Bargantua (Motif Blanc)
60%
Vitesse 91 Cornèbre
60%
PV 90 Excelangue
60%
Attaque 95 Qwilfish de Hisui
60%
Défense Spéciale 120 Babimanta
57%
PV 130 Wailmer
57%
Attaque 95 Canarticho de Galar
54%
Défense 100 Kokiyas
54%
Attaque Défense 105 90 Krabby
54%
PV Attaque Défense Attaque Spéciale Défense Spéciale 95 Type:0
54%
Attaque 90 Darumarond
51%
Attaque 90 Darumarond de Galar
51%
Défense Défense Spéciale 100 Corayon de Galar
49%
Défense 91 Grindur
49%
Défense 95 Manzaï
49%
Défense Défense Spéciale 90 Skelénox
49%
Vitesse 90 Miaouss
46%
Vitesse 90 Miaouss d'Alola
46%
PV 95 Okéoké
46%
Défense 90 Pomdepik
46%
Vitesse 90 Ponyta
46%
Vitesse 90 Ponyta de Galar
46%
PV 90 Toudoudou
46%
Attaque 90 Wushours
46%
Vitesse 95 Élekid
43%
Défense Spéciale 90 Mime Jr.
43%
Défense 90 Ningale
43%
Attaque Spéciale 105 Nucléos
43%
Défense 95 Osselait
43%
Défense 90 Sabelette d'Alola
43%
Défense 95 Smogo
43%
Vitesse 95 Taupikeau
43%
Défense Spéciale 90 Soporifik
40%
Défense Spéciale 100 Terracool
40%
Défense 100 Monorpale
37%
Attaque 90 Carvanha
34%
PV 90 Phanpy
34%
PV 108 Piétacé
31%
Vitesse 90 Ptitard
31%
Attaque 100 Tiboudet
31%
PV 90 Baudrive
26%
Attaque Spéciale 105 Germéclat
26%
Défense 90 Rapion
17%
Aucun quiz correspondant
Distribution des résultats
% des personnes avec chaque résultat
Percentile par nombre de réponses
Votre historique - résultats
Vous n’avez pas pris ce quiz